Top 50 des rappeurs français les plus écoutés en 2025 - Statistiques

Statistiques générales
  • Ce quiz a été pris 291 fois
  • Le résultat moyen est 26 sur 50
Statistiques - réponses
Place dans le top Streams en 2025 Nombre de sons sortis en 2025 Réponse % Correct
1 2.6MD 82 JUL
96%
2 2MD 27 GIMS
91%
3 1.7MD 24 NINHO
91%
13 695M 20 BOOBA
82%
10 705M 11 NISKA
82%
12 699M 5 PLK
80%
15 589M 6 SCH
80%
11 701M 0 PNL
79%
5 1MD 22 DAMSO
78%
6 1MD 17 SDM
77%
4 1.3MD 21 WERENOI
77%
47 192M 22 KAARIS
75%
8 792M 13 GAZO
70%
32 288M 5 KOBA LA D
67%
7 882M 9 TIAKOLA
67%
9 766M 20 HAMZA
65%
16 576M 45 L2B
57%
24 384M 22 NAPS
56%
27 347M 0 NEKFEU
52%
23 394M 61 LETO
51%
14 610M 1 MAES
50%
50 180M 1 ZOLA
49%
39 224M 55 LA FOUINE
48%
36 238M 17 ORELSAN
47%
29 330M 34 ALONZO
44%
17 561M 37 LAMANO1.9
44%
37 230M 46 VALD
44%
21 445M 25 LACRIM
42%
38 227M 29 NAZA
41%
43 216M 23 FAVE
40%
44 214M 9 HEUSS L'ENFOIRE
40%
25 375M 23 JOSMAN
40%
28 338M 39 GUY2BEZBAR
39%
49 187M 26 RK
39%
40 222M 14 RIM'K
37%
33 279M 2 MHD
36%
20 464M 24 SOOLKING
36%
46 207M 13 SOPRANO
35%
35 250M 24 DINOS
34%
19 490M 11 KEBLACK
34%
48 191M 40 R2
33%
26 353M 37 FRANGLISH
32%
31 294M 56 GENEZIO
32%
30 307M 21 JOK'AIR
31%
18 525M 20 BOUSS
28%
34 260M 19 NIRO
26%
41 219M 25 OBOY
26%
22 420M 26 DJADJA ET DINAZ
24%
42 217M 33 RSKO
21%
45 208M 15 SAIF
13%
Aucun quiz correspondant
Distribution des résultats
% des personnes avec chaque résultat
Percentile par nombre de réponses
Votre historique - résultats
Vous n’avez pas pris ce quiz